Catalogue de la Bibliothèque de l'ENSA

Evolution des échanges éxterieurs de marchandises de 1999 à 2009 (notice nᵒ 25707)

détails MARC
000 -LEADER
fixed length control field 00679nam a2200193zi 4500
005 - DATE AND TIME OF LATEST TRANSACTION
control field 20170531043501.0
020 ## - ISBN
ISBN 978-9961-792-40-7
037 ## - SOURCE D'ACQUISITION
Cote BC_1420 69
Forme de support Broché
040 ## - SOURCE DU CATALOGAGE
Origine cataloguage BC-ENSA
Langue du catalogage fre
041 ## - CODE DE LANGUE
Langue Français
110 ## - AUTEUR MORAL
Nom de collectivité Office national des statistiques. Direction technique chargée de la comptabilité nationale
245 ## - MENTION DU TITRE
Titre Evolution des échanges éxterieurs de marchandises de 1999 à 2009
260 ## - PUBLICATION, DIFFUSION, ETC. (ADRESSE BIBLIOGRAPHIQUE)
Lieu d'édition Alger
Nom de l'éditeur ONS
Année d'édition 2011
300 ## - DESCRIPTION MATÉRIELLE
Nombre de pages 108 p.
Illustration ill.
Format 30 cm
562 ## - NOTE D'IDENTIFICATION DES EXEMPLAIRES ET VERSIONS
Numbre d' exemplaire 01 exemplaire
942 ## - ADDED ENTRY ELEMENTS (KOHA)
Type document Ouvrage
490 ## - MENTION DE COLLECTION
Titre Collection Série E : statistiques économiques
653 ## - DESCRIPTEUR LIBRE
Mots clés libres EVOLUTION/ECONOMIE/IMPORTATION/EXPORTATION/COMMERCE EXTERIEUR
Exemplaires
statut de retrait Statut emplacement permanent Localisation actuelle Cote code à barre Koha type d'élément
    Bibliothèque Centrale Bibliothèque Centrale BC_1420 69 BC_1420 69 Ouvrage

Adresse: Ecole Nationale Supérieure Agronomique Hassen Badi - El Harrach Alger, Algérie

Tél +213 (0) 23 82 85 07+213 (0) 23 82 85 12 Fax +213 23 82 85 03/04 Courriel: bibliotheque@edu.ensa.dz